000 00601nam a2200181 4500
999 _c191256
_d191256
005 20220824104323.0
010 _aENG-134638
020 _c172.00
_a9788192708836
035 _aEN-118119
037 _bDBAD/PUB
082 _a170
100 _aPrgathi,P.S
245 _aHuman Values And Professional Ethics/
_cBy Dr.P.S.Prgathi
260 _aHyderbad
_bSpectrum Educational Books
_c2018
270 _bHyderbad
_e500038
_a#326/C, Level-5, Surneni Nilayam, Near B K Guda Park, S R Nagar
_k914023710657
_l914023810657
300 _aviii,192p.
_c21cm(hbk)
942 _2ddc
_cEN
_h170
_mPRA